| 000 | 00573nac a22001691u 4500 | ||
|---|---|---|---|
| 020 | _a8120322320 | ||
| 082 | 0 | 0 |
_a005.74 _bK932 |
| 090 |
_c589 _d589 |
||
| 100 | _aKroenke, David M. | ||
| 245 | 1 | 0 |
_aDatabase concepts / _cDavid M. Kroenke. |
| 260 |
_aNew Delhi : _bPrentice Hall of India, _cc2002. |
||
| 300 |
_a219 p. : _bill. ; _c31 cm. |
||
| 500 | _aIncludes index. | ||
| 650 | 0 | _aDatabase management. | |
| 942 |
_cBB _k005.74K932 |
||
| 999 |
_c589 _d589 |
||